| 000 | 00644nam a22001457a 4500 | ||
|---|---|---|---|
| 008 | 090210t xxu||||| |||| 00| 0 eng d | ||
| 020 | _a9783836501330 | ||
| 082 |
_222 _a647.94025 _bGRE |
||
| 245 |
_aGreat Escapes Around The World: _bEurope.Africa.Asia.South America.north America/ _c/ ed. by Angelika Taschen. [Text: Shelly-Maree Cassidy ... French transl. Delphine Nègre-Bouvet ... German transl.: Claudia Egdorf ... Engl. transl.: Cathy Lara ...] |
||
| 260 |
_aCologne: _bTaschen, _c2007 |
||
| 300 |
_a719 p. : _bcol. ill. ; _c31 cm. |
||
| 500 | _aText in French, German & English | ||
| 650 |
_92090 _ahotels _v--Guidebooks |
||
| 942 |
_2ddc _cBB |
||
| 999 |
_c10791 _d10791 |
||